| 000 | 05266nam a22004697a 4500 | ||
|---|---|---|---|
| 005 | 20101028111547.0 | ||
| 010 | _aHIN-90929 B-437167-183 | ||
| 020 |
_c195.00 _a8188027704 |
||
| 035 | _aHN-63275 | ||
| 035 | _aB-437167-183 | ||
| 037 | _bDBAD / PUB | ||
| 037 | _bएलाईड पब्लिशर्स | ||
| 082 | _a822 | ||
| 100 |
_aमण्टो, सआदत हसन _929480 |
||
| 245 |
_aमण्टो के रेडियो ड्रामे / _cसआदत हसन मण्टो ; अज़रा रिज़वी द्वारा अनुदित एवं संपादित |
||
| 246 |
_aManto ke radeo Drame _bby Saadat Hasan Manto |
||
| 260 |
_aदिल्ली _bसोनाली साहित्य सदन _c2010 |
||
| 270 |
_a30/36 (द्वितीय तल), गली नं-9, विश्वास नगर, शाहदरा _bदिुल्ली _e110032 |
||
| 300 |
_a112पृ _c22सेमी (सजिल्द) |
||
| 700 |
_924014 _aरिज़वी, अज़रा |
||
| 700 | _924064 | ||
| 942 |
_2ddc _cHN _h822 _mमण्टोस |
||
| 999 |
_c48528 _d48528 |
||